000 00230 a2200097 4500
001 32635
100 _aPirzada, Sh
245 _aQuaid-e-Azam Correspondence
260 _aKarachi
_bGuild Publishing House
_c
090 _c21848
_d21848
942 _aNUST-CAE
_cM
_c13167
999 _c267708
_d267708